| 000 | 00916nam a22002057a 4500 | ||
|---|---|---|---|
| 999 |
_c21055 _d21055 |
||
| 003 | AR-CdUCM | ||
| 008 | 190726b ||||| |||| 00| 0 spa d | ||
| 040 |
_aMUNICIPALIDAD PROVINCIAL DEL CUSCO _cBIBLIOTECA MUNICIPAL DEL CUSCO |
||
| 082 |
_aES / 320.4 / _bAR68 |
||
| 100 |
_aArdiles M., Ostende _914659 |
||
| 245 | _aLa nueva tribuna del maestro / | ||
| 260 |
_aCusco : _bGarcilaso, |
||
| 300 |
_a184 páginas ; _c21 cm. |
||
| 505 | _aContenido : Calendario cívico con nuevos temas de las Efemérides nacionales, biografía de hombres celebres de la historia y de la cultura peruana, para fortalecer y despertar el sentido ético y patriótico de los educandos y de la comunidad. R.M. N° 6220-76-ED dispone su cumplimiento en todos los niveles de Sistema Nacional Peruano. | ||
| 650 |
_aCalendario civico _943852 |
||
| 650 |
_aEducación _9460 |
||
| 650 |
_aPerú _935 |
||
| 942 |
_2ddc _cLIBROS |
||
| 945 | _azta | ||